000 00529cam a2200181 4500
001 ##D16135
008 090401t1973 xxu||||| |||| 00| 0 eng d
035 _a(Sirsi) u27316
041 0 _aeng
050 0 4 _a333.0062 $2 18
110 2 _aRoyal Institution of Chartered Surveyors
_94900
245 0 0 _aRoyal charter and bye-laws 1973
260 _aLondon
_bRICS
_c1973
300 _a57p.
_c22cm.
690 _aABOUT RICS-RICS STRUCTURE AND GOVERNANCE-RICS REGULATIONS-RICS CONDUCT REGULATIONS
942 _n0
948 _c04/03/1997
999 _c89093
_d89093